Southville International School and Colleges
Your cart is empty.
  • Cart
  • Lists
    Public lists Eva Luna New books Lux_list list_1
    Your lists Log in to create your own lists
  • Log in to your account
  • Your cookies
  • Search history
Southville International School and Colleges
  • Advanced search
  • Recent comments
  • Most popular
  • Libraries

Log in to your account

Log in with GOOGLE


If you do not have an external account, but do have a local account, you can still log in:

  1. Home
  2. MARC view: Modernity :
Normal view MARC view ISBD view

Modernity : (Record no. 117665)

[ view plain ]
MARC details
000 -LEADER
fixed length control field 00539nam a2200181Ia 4500
008 - FIXED-LENGTH DATA ELEMENTS--GENERAL INFORMATION
fixed length control field 140529s9999 xx 000 0 und d
020 ## - INTERNATIONAL STANDARD BOOK NUMBER
International Standard Book Number 9780745652917
050 ## - LIBRARY OF CONGRESS CALL NUMBER
Classification number HM 831
Item number .W343 2012
100 ## - MAIN ENTRY--PERSONAL NAME
Personal name Wagner, Peter.
245 ## - TITLE STATEMENT
Title Modernity :
Remainder of title understanding the present /
Statement of responsibility, etc Peter Wagner
260 ## - PUBLICATION, DISTRIBUTION, ETC. (IMPRINT)
Place of publication, distribution, etc Cambridge, UK ; Malden, MA :
Name of publisher, distributor, etc Polity Press,
Date of publication, distribution, etc c2012.
300 ## - PHYSICAL DESCRIPTION
Extent 190 p. ;
Dimensions 22 cm.
500 ## - GENERAL NOTE
General note Includes bibliographical references and index.
521 ## - TARGET AUDIENCE NOTE
Target audience note
650 ## - SUBJECT ADDED ENTRY--TOPICAL TERM
Topical term or geographic name as entry element Social history.
942 ## - ADDED ENTRY ELEMENTS (KOHA)
Call number prefix Foreign
Koha item type Books
Holdings
Withdrawn status Lost status Damaged status Home library Current library Shelving location Date acquired Cost, normal purchase price Total Checkouts Full call number Barcode Date last seen Price effective from Koha item type
      College Library College Library Reserve Section 05/30/2014 1131.00   HM 831 .W343 2012 C16780 05/15/2018 05/30/2014 Books

Modernity :

APA

Wagner P., . (2012). Modernity. Cambridge, UK ; Malden, MA: Polity Press.

Chicago

Wagner Peter, . 2012. Modernity. Cambridge, UK ; Malden, MA: Polity Press.

Harvard

Wagner P., . (2012). Modernity. Cambridge, UK ; Malden, MA: Polity Press.

MLA

Wagner Peter, . Modernity. Cambridge, UK ; Malden, MA: Polity Press. 2012.

  • Place hold
  • Print
  • Cite
  • Add to your cart (remove)
  • Save record
    BIBTEX Dublin Core MARCXML MARC (non-Unicode/MARC-8) MARC (Unicode/UTF-8) MARC (Unicode/UTF-8, Standard) MODS (XML) RIS
  • More searches
    Search for this title in:
    Other Libraries (WorldCat) Other Databases (Google Scholar) Online Stores (Bookfinder.com) Open Library (openlibrary.org)

Exporting to Dublin Core...

SOUTHVILLE LIBRARY

Southville International School and Colleges Library

1281 Tropical Ave. Cor. Luxembourg St., BF Homes International, Las Pinas City

Tel. No. 8256374 / 252358 Loc. 117/146

Powered by Koha